| 000 | 00586nam a2200229Ia 4500 | ||
|---|---|---|---|
| 003 | BUBTL | ||
| 008 | 151213s9999 xx 000 0 und d | ||
| 020 | _a0-07-052803-9 | ||
| 082 | _a677GHF | ||
| 100 |
_aGhosh,Premamoy _91073 |
||
| 245 | _aFibre Science And Technology | ||
| 250 | _a2nd | ||
| 260 |
_aNew Delhi _bTata MC Graw Hill _cc2004 |
||
| 300 |
_a[x],251p. _bills. _c20cm. |
||
| 650 | _aTextiles | ||
| 650 | _aTextiles | ||
| 700 |
_aGhosh,Premamoy _91074 |
||
| 760 | _b2nd | ||
| 856 |
_k0 _l0 _yDownload |
||
| 942 |
_2ddc _cBK |
||
| 999 |
_c3959 _d3959 |
||